Quiz su Malta - Statistics

Statistiche generali
  • Questo quiz è stato fatto 1.402 volte
  • Il punteggio medio è 11 su 16
Statistiche sulle risposte
Domanda Risposta % Corretto
Capitale La Valletta
98%
Mare in cui si trova l'isola Mediterraneo
97%
Paesi che si trovano più vicini a Malta Italia
94%
Lingue ufficiali Inglese
93%
Valuta Euro
90%
Stato da cui ha ottenuto l'indipendenza nel 1964 Regno Unito
86%
Lingue ufficiali Maltese
85%
Paesi che si trovano più vicini a Malta Tunisia
84%
E' raffigurata sulla bandiera Croce
78%
Malta ha la sesta più alta _____ di popolazione, appena prima del Bangladesh Densità
78%
Isola più grande, rappresenta il 78% della superficie del Paese Malta
50%
Seconda isola più grande Gozo
40%
Furono espulsi nel 1249 Musulmani
27%
Guerra in cui l'eroica resistenza di Malta valse all'intero paese la George Cross Seconda Guerra Mondiale
25%
Ordine militare che governò l'isola dal 1530 al 1798 Cavalieri {Ospitalieri}
20%
Città più popolosa Baia di {San Paolo}
14%
Nessun quiz corrispondente trovato
Distribuzione punteggi
Percentuale di utenti per punteggio
Percentile per numero di risposta
I tuoi punteggi nel tempo
Non hai fatto questo quiz